| Tag |
First Indicator |
Second Indicator |
Subfields |
| LEADER |
00000cam a2200000 a 4500 |
| 001 |
in00001155310 |
| 005 |
20151001062134.0 |
| 008 |
930710s1991 mouab 001 0 eng |
| 010 |
|
|
|a 91091183
|
| 020 |
|
|
|a 0963113615 :
|c $29.95
|
| 035 |
|
|
|a (OCoLC)25255278
|
| 035 |
|
|
|9 AGD5058AM
|
| 040 |
|
|
|a DLC
|c DLC
|d GSC
|d UtOrBLW
|
| 043 |
|
|
|a n-usu--
|a n-us-mo
|a n-us---
|
| 049 |
|
|
|a TXAM
|
| 050 |
0 |
0 |
|a E569.4 1st
|b .G67 1991
|
| 092 |
|
|
|a 973.742
|b Gott
|
| 100 |
1 |
|
|a Gottschalk, Phil.
|
| 245 |
1 |
0 |
|a In deadly earnest :
|b the history of the First Missouri Brigade, CSA /
|c by Phil Gottschalk.
|
| 250 |
|
|
|a 1st ed.
|
| 264 |
|
1 |
|a Columbia, Mo. :
|b Missouri River Press,
|c [1991]
|
| 264 |
|
4 |
|c ©1991
|
| 300 |
|
|
|a xiii, 562 pages :
|b illustrations, maps ;
|c 25 cm.
|
| 336 |
|
|
|a text
|b txt
|2 rdacontent
|
| 337 |
|
|
|a unmediated
|b n
|2 rdamedia
|
| 338 |
|
|
|a volume
|b nc
|2 rdacarrier
|
| 504 |
|
|
|a Includes bibliographical references and index.
|
| 610 |
2 |
0 |
|a Confederate States of America.
|b Army.
|b Missouri Brigade, 1st.
|
| 600 |
1 |
0 |
|a Cockrell, Francis Marion,
|d 1834-1915.
|
| 651 |
|
0 |
|a Missouri
|x History
|y Civil War, 1861-1865
|x Regimental histories.
|
| 651 |
|
0 |
|a United States
|x History
|y Civil War, 1861-1865
|x Regimental histories.
|
| 999 |
|
|
|a MARS
|
| 999 |
f |
f |
|s f56b69d9-2f59-3eb8-82e6-37ad97532e50
|i 38b2ebf1-a299-3512-a932-2405bc59687b
|t 0
|
| 952 |
f |
f |
|p ric
|a Texas A&M University
|b Rellis Campus
|c Joint Library Facility
|d Remote Storage
|t 0
|e E569.4 1st .G67 1991
|h Library of Congress classification
|i unmediated -- volume
|m A14817733572
|
| 998 |
f |
f |
|a E569.4 1st .G67 1991
|t 0
|l Remote Storage
|